[Event "London Classic Open 2017"]
[Site "London ENG"]
[Date "2017.12.06"]
[Round "6.3"]
[White "Donchenko, Alexander"]
[Black "Sargissian, Gabriel"]
[Result "1/2-1/2"]
[WhiteTitle "GM"]
[BlackTitle "GM"]
[WhiteElo "2569"]
[BlackElo "2672"]
[WhiteFideId "24603295"]
[BlackFideId "13300881"]
[EventDate "2017.12.02"]

1. c4 e5 2. g3 Nc6 3. Nc3 f5 4. Nf3 Nf6 5. d4 e4 6. Nh4 g6 7. Bg5 Bg7 8. e3 O-O
9. c5 Ne7 10. Bc4+ Kh8 11. Ng2 d5 12. cxd6 Qxd6 13. Nf4 Bd7 14. h4 h5 15. Qb3
Qb6 16. Qa3 Qd6 17. Qb3 Qb6 18. Qa3 Qd6 19. Qxd6 cxd6 20. Ne6 Rfc8 21. Bb3 b5
22. Bf4 Ne8 23. Ng5 b4 24. Nf7+ Kh7 25. Ng5+ Kh8 26. Nd5 Bf8 27. Nf7+ Kh7 28.
Nxd6 Nxd5 29. Nxe8 Nxf4 30. Nf6+ Kg7 31. Nxd7 Nd3+ 32. Kd2 Nxf2 33. Rhf1 1/2-1/2

[Event "London Classic Open 2017"]
[Site "London ENG"]
[Date "2017.12.06"]
[Round "6.5"]
[White "Elsness, Frode"]
[Black "Nabaty, Tamir"]
[Result "0-1"]
[WhiteTitle "IM"]
[BlackTitle "GM"]
[WhiteElo "2477"]
[BlackElo "2657"]
[WhiteFideId "1501100"]
[BlackFideId "2809052"]
[EventDate "2017.12.02"]

1. Nf3 d5 2. c4 dxc4 3. e3 a6 4. Bxc4 e6 5. O-O b5 6. Be2 Bb7 7. a4 b4 8. d3 Nf6
9. e4 Be7 10. Bf4 O-O 11. Nbd2 Nbd7 12. a5 Rc8 13. Nc4 Ne8 14. Rc1 f5 15. exf5
exf5 16. Re1 Nef6 17. Nd4 Nc5 18. Nxf5 Nd5 19. Nxe7+ Nxe7 20. Be3 Qd5 21. Bf1
Rcd8 22. Qg4 Nb3 23. Rcd1 Ng6 24. h4 Nxa5 25. h5 Bc8 26. Qg3 Qxh5 27. Qxc7 Nb3
28. d4 Be6 29. Nb6 Nh4 30. d5 Bf5 31. Qc4 Na5 32. Qxb4 Nf3+ 33. gxf3 Rf6 34. Bg2
Bh3 35. Kf1 Bxg2+ 36. Kxg2 Qxf3+ 37. Kf1 Re8 38. Rd2 Rh6 0-1

[Event "London Classic Open 2017"]
[Site "London ENG"]
[Date "2017.12.06"]
[Round "6.6"]
[White "Abergel, Thal"]
[Black "Grandelius, Nils"]
[Result "0-1"]
[WhiteTitle "GM"]
[BlackTitle "GM"]
[WhiteElo "2464"]
[BlackElo "2647"]
[WhiteFideId "614890"]
[BlackFideId "1710400"]
[EventDate "2017.12.02"]

1. e4 c5 2. Nf3 e6 3. d4 cxd4 4. Nxd4 a6 5. Bd3 Ne7 6. O-O Nbc6 7. Nb3 g6 8. f4
d6 9. c4 Bg7 10. Nc3 O-O 11. Qe2 Nb4 12. Be3 b5 13. Rad1 Nxd3 14. Qxd3 bxc4 15.
Qxc4 a5 16. Rf2 Ba6 17. Qa4 Qb8 18. Bd4 f6 19. Qd7 Kf7 20. f5 Bc4 21. fxg6+ hxg6
22. Bxf6 Bxf6 23. e5 dxe5 24. Ne4 Kg7 25. Rxf6 Rxf6 26. Qxe7+ Rf7 27. Qg5 Bxb3
28. axb3 Qb6+ 29. Kh1 Qd4 30. Qg4 Rf4 0-1

[Event "London Classic Open 2017"]
[Site "London ENG"]
[Date "2017.12.06"]
[Round "6.7"]
[White "Maze, Sebastien"]
[Black "Bilguun, Sumiya"]
[Result "1-0"]
[WhiteTitle "GM"]
[BlackTitle "IM"]
[WhiteElo "2614"]
[BlackElo "2459"]
[WhiteFideId "613762"]
[BlackFideId "4901541"]
[EventDate "2017.12.02"]

1. e4 c5 2. Nf3 e6 3. d4 cxd4 4. Nxd4 a6 5. c4 Nf6 6. Nc3 Qc7 7. Be2 Bb4 8. O-O
Nc6 9. Bg5 Bxc3 10. Bxf6 Nxd4 11. Bxd4 Bxd4 12. Qxd4 e5 13. Qd2 b6 14. Rfd1 Bb7
15. f3 Bc6 16. b4 b5 17. c5 O-O 18. Qc3 a5 19. a3 Ra7 20. Rd6 axb4 21. axb4
Rxa1+ 22. Qxa1 Re8 23. Bd1 Qd8 24. Bb3 Qg5 25. Qe1 g6 26. g3 Ra8 27. Kg2 Qe7 28.
h4 Kg7 29. Qc1 h5 30. Kf2 Ra7 31. Ke2 Qe8 32. Kd3 Qe7 33. Kc2 Ra8 34. Kb2 Rf8
35. Qd2 Ra8 36. Qg5 f6 37. Qd2 Rc8 38. Qd3 Rc7 39. g4 Ra7 40. Qe3 hxg4 41. fxg4
Ra8 42. h5 gxh5 43. gxh5 Kh7 44. Qf3 Qg7 45. Rxf6 Qg5 46. Qf5+ Qxf5 47. Rxf5
Bxe4 48. Rxe5 Bc6 49. Bd5 Ra4 50. Kb3 Ra6 51. Bxc6 dxc6 52. Re6 Kg7 53. Rd6 Kh7
54. h6 Kg8 55. Rd7 Ra8 56. Rc7 Ra6 57. Rg7+ Kh8 58. Rb7 Ra8 59. Rc7 Ra6 60. Kc3
Ra3+ 61. Kd4 Rb3 62. Rxc6 Rxb4+ 63. Kd5 Rh4 64. Rb6 Rh5+ 65. Kc6 1-0

[Event "London Classic Open 2017"]
[Site "London ENG"]
[Date "2017.12.06"]
[Round "6.8"]
[White "Cawdery, Daniel"]
[Black "Moussard, Jules"]
[Result "0-1"]
[WhiteTitle "IM"]
[BlackTitle "GM"]
[WhiteElo "2447"]
[BlackElo "2576"]
[WhiteFideId "14300249"]
[BlackFideId "642908"]
[EventDate "2017.12.02"]

1. e4 e5 2. Nf3 d6 3. d4 exd4 4. Qxd4 Nf6 5. e5 Qe7 6. Be2 dxe5 7. Nxe5 Nbd7 8.
Nd3 Qd6 9. Qxd6 Bxd6 10. O-O O-O 11. Nc3 Re8 12. Bg5 h6 13. Bh4 Ne4 14. Rfe1
Nxc3 15. bxc3 Nb6 16. Bf3 Rxe1+ 17. Rxe1 Kf8 18. Rb1 Rb8 19. Bg3 Bxg3 20. hxg3
Nd7 21. Nb4 c5 22. Nd3 b6 23. Bc6 c4 24. Nb2 Nc5 25. Nxc4 Be6 26. Ne3 Rc8 27.
Bd5 Bxd5 28. Nxd5 Na4 29. Rb4 Nxc3 30. Ne3 b5 31. a3 a5 32. Rb2 a4 33. Kf1 Rd8
34. Ke1 Rd4 35. f3 g6 0-1

[Event "London Classic Open 2017"]
[Site "London ENG"]
[Date "2017.12.06"]
[Round "6.9"]
[White "Sundararajan, Kidambi"]
[Black "Le Roux, Jean-Pierre"]
[Result "0-1"]
[WhiteTitle "GM"]
[BlackTitle "GM"]
[WhiteElo "2419"]
[BlackElo "2560"]
[WhiteFideId "5005370"]
[BlackFideId "609404"]
[EventDate "2017.12.02"]

1. b3 d5 2. Bb2 Bg4 3. Nf3 Bxf3 4. exf3 Nd7 5. f4 Ngf6 6. d4 c5 7. dxc5 Qa5+ 8.
Qd2 Qxc5 9. Bd3 g6 10. O-O Bg7 11. c4 dxc4 12. bxc4 O-O 13. Nc3 Nb6 14. Qe2 Rac8
15. Rac1 Rfd8 16. g3 Qb4 17. Nb5 a6 18. Rb1 axb5 19. Bxf6 Qd6 20. Bxg7 Qxd3 21.
Qxd3 Rxd3 22. Rxb5 Nxc4 23. Bb2 Nd6 24. Rb3 Rxb3 25. axb3 f6 26. Rc1 Ra8 27. Bd4
Kf7 28. Rc2 Nb5 29. Be3 Ra1+ 30. Kg2 Rb1 31. Rc8 h5 32. Rh8 Nd6 33. Rh7+ Ke6 34.
h3 Rxb3 35. g4 hxg4 36. hxg4 b6 37. Rg7 Nc4 38. Kf3 b5 39. Rxg6 b4 40. Rg8 Rc3
41. Rb8 b3 42. Ke2 b2 43. Bd4 Rc1 44. Kd3 b1=Q+ 45. Rxb1 Rxb1 46. Kxc4 Rg1 47.
g5 fxg5 48. fxg5 Rxg5 49. Be3 Rd5 50. Bd4 Kd6 51. Be3 Rd1 52. Bc5+ Ke6 53. Kc3
Kf6 54. Bb4 Rf1 55. Bc5 Rc1+ 56. Kd4 e5+ 57. Kd5 Kf5 58. Be3 Rd1+ 59. Kc4 Ke4
60. Kc5 Rd3 61. Bg5 Rf3 62. Bh4 Kf4 63. Kd5 Rd3+ 64. Ke6 e4 65. Be7 Rc3 66. Kd5
Kf3 67. Bf6 Rc2 68. Bd4 Ra2 69. Bb6 Ra6 70. Bc7 Rh6 71. Bb8 Rh7 72. Be5 Rd7+ 73.
Ke6 Rd2 0-1

[Event "London Classic Open 2017"]
[Site "London ENG"]
[Date "2017.12.06"]
[Round "6.10"]
[White "Handke, Florian"]
[Black "Das, Sayantan"]
[Result "1-0"]
[WhiteTitle "GM"]
[BlackTitle "IM"]
[WhiteElo "2526"]
[BlackElo "2442"]
[WhiteFideId "4634527"]
[BlackFideId "5034426"]
[EventDate "2017.12.02"]

1. e4 c5 2. Nf3 d6 3. c3 Nf6 4. Bd3 Nc6 5. O-O g6 6. Re1 Bg7 7. Bb5 O-O 8. h3 a6
9. Bxc6 bxc6 10. d4 cxd4 11. cxd4 a5 12. Nc3 Qb6 13. b3 Ba6 14. Be3 Qb7 15. Qd2
Rfd8 16. Bh6 Bh8 17. Qg5 c5 18. dxc5 Rdc8 19. e5 Rxc5 20. Na4 Rd5 21. Nc3 Rc5
22. Qe3 Nd5 23. Nxd5 Rxd5 24. e6 f5 25. Rac1 Rd3 26. Qf4 Bf6 27. Bg5 Rf8 28. Qh4
Rxf3 29. Bxf6 Rxf6 30. gxf3 g5 31. Qd4 Rg6 32. Rc3 g4 33. fxg4 fxg4 34. hxg4 h5
35. Rg3 Qc6 36. Qe4 Qxe4 37. Rxe4 Bb7 38. Ra4 h4 39. Rc3 Rg5 40. Kh2 Re5 41. Rc7
Bf3 42. Rf4 1-0

[Event "London Classic Open 2017"]
[Site "London ENG"]
[Date "2017.12.06"]
[Round "6.11"]
[White "Kwon, Sehyun"]
[Black "Kotronias, Vasilios"]
[Result "0-1"]
[WhiteTitle "CM"]
[BlackTitle "GM"]
[WhiteElo "2117"]
[BlackElo "2524"]
[WhiteFideId "13203088"]
[BlackFideId "5900212"]
[EventDate "2017.12.02"]

1. e4 c5 2. Nf3 d6 3. Bb5+ Nd7 4. d4 cxd4 5. Qxd4 a6 6. Bxd7+ Bxd7 7. Nc3 e5 8.
Qd3 Rc8 9. Bg5 Qc7 10. O-O Be6 11. Rfd1 h6 12. Bh4 g5 13. Bg3 Nf6 14. a4 Be7 15.
Nd2 Rg8 16. Nf1 h5 17. h4 gxh4 18. Bxh4 Ng4 19. Bxe7 Kxe7 20. Ne3 Nxe3 21. Qxe3
Rg6 22. Rd2 Rcg8 23. f3 Kf8 24. Rf1 h4 25. Rff2 Qd8 26. Kf1 b5 27. b3 bxa4 28.
Nxa4 h3 29. g4 Qh4 30. Nc3 Rf6 31. Qb6 Kg7 32. g5 Qxg5 33. Ke2 Qg1 34. Rd1 h2 0-1

[Event "London Classic Open 2017"]
[Site "London ENG"]
[Date "2017.12.06"]
[Round "6.12"]
[White "Nihal, Sarin"]
[Black "Raja, Harshit"]
[Result "1-0"]
[WhiteTitle "IM"]
[BlackTitle "IM"]
[WhiteElo "2507"]
[BlackElo "2420"]
[WhiteFideId "25092340"]
[BlackFideId "5089000"]
[EventDate "2017.12.02"]

1. d4 Nf6 2. c4 g6 3. Nc3 d5 4. cxd5 Nxd5 5. e4 Nxc3 6. bxc3 Bg7 7. Qa4+ Qd7 8.
Bb5 c6 9. Be2 O-O 10. Qa3 b6 11. Nf3 c5 12. O-O Bb7 13. d5 e6 14. Be3 exd5 15.
Rad1 d4 16. cxd4 Bxe4 17. dxc5 Qb7 18. Rfe1 Nd7 19. Ba6 Qc7 20. Bb5 Bc6 21. Bf4
Qxf4 22. Bxc6 Nxc5 23. Bxa8 Rxa8 24. g3 Qg4 25. Qe3 Qa4 26. Rd2 Bf6 27. h4 Qb4
28. Ree2 Rc8 29. h5 gxh5 30. Rd6 Bg7 31. Rd5 Ne6 32. Qe4 Rc4 33. Qf5 Rc1+ 34.
Kg2 Qc4 35. Rd8+ Nf8 36. Rde8 Qc5 37. Ne5 Qd5+ 38. f3 Rc5 39. Qd7 Bxe5 40. Qxd5
Rxd5 41. R8xe5 Rxe5 42. Rxe5 Ne6 43. Rxh5 Kg7 44. f4 Nc5 45. Kf3 Na4 46. Rh2 a5
47. g4 b5 48. Rh5 Nc3 49. Rc5 Nxa2 50. Rg5+ Kf6 51. Rxb5 a4 52. Rc5 Nb4 53. Rc4
Nd5 54. Ke4 Ne7 55. Rxa4 Kg7 56. Ra6 f6 57. Ra7 Kf7 58. f5 1-0

[Event "London Classic Open 2017"]
[Site "London ENG"]
[Date "2017.12.06"]
[Round "6.13"]
[White "Vo, Thi Kim Phung"]
[Black "Fodor, Tamas Jr."]
[Result "1-0"]
[WhiteTitle "WGM"]
[BlackTitle "GM"]
[WhiteElo "2380"]
[BlackElo "2496"]
[WhiteFideId "12401838"]
[BlackFideId "723762"]
[EventDate "2017.12.02"]

1. d4 Nf6 2. c4 e6 3. Nc3 Bb4 4. Qc2 O-O 5. Nf3 d5 6. cxd5 exd5 7. Bg5 h6 8. Bh4
c5 9. dxc5 g5 10. Bg3 Ne4 11. e3 Qa5 12. Bd3 Bf5 13. Nd4 Bg6 14. f3 Nxc3 15.
Bxg6 Ne4+ 16. Kd1 Nf6 17. a3 Nbd7 18. Nb3 Qd8 19. axb4 fxg6 20. Qxg6+ Kh8 21.
Qxh6+ Nh7 22. Qg6 b6 23. Qd3 Re8 24. Qd4+ Ndf6 25. h4 g4 26. Nd2 Qe7 27. fxg4 1-0

[Event "London Classic Open 2017"]
[Site "London ENG"]
[Date "2017.12.06"]
[Round "6.14"]
[White "Hector, Jonny"]
[Black "Jackson, James P"]
[Result "1-0"]
[WhiteTitle "GM"]
[BlackTitle "FM"]
[WhiteElo "2493"]
[BlackElo "2314"]
[WhiteFideId "1700090"]
[BlackFideId "416860"]
[EventDate "2017.12.02"]

1. e4 c5 2. Nf3 e6 3. d4 cxd4 4. Nxd4 a6 5. Nc3 Qc7 6. Bd3 Nf6 7. f4 d6 8. O-O
b5 9. Kh1 Bb7 10. Qe1 Nbd7 11. b4 Be7 12. a4 bxa4 13. Nxa4 O-O 14. Bb2 g6 15.
Ra3 Rfc8 16. f5 e5 17. fxg6 hxg6 18. Nf3 Nb6 19. Nxb6 Qxb6 20. c4 a5 21. b5 Kg7
22. Ng5 Rh8 23. h3 Raf8 24. Bc1 Nh5 25. Be3 Qd8 26. Rxf7+ Kg8 27. Ne6 Qe8 28.
Rxf8+ Bxf8 29. Nxf8 Qxf8 30. Rxa5 Nf4 31. Bxf4 Qxf4 32. Kg1 Rh7 33. Ra1 Qg5 34.
Kh2 Qd8 35. Qg3 g5 36. c5 dxc5 37. Bc4+ Kh8 38. Qxe5+ Rg7 39. Rf1 Kh7 40. Rf6
Bc8 41. Be6 1-0

[Event "London Classic Open 2017"]
[Site "London ENG"]
[Date "2017.12.06"]
[Round "6.15"]
[White "Iturrizaga Bonelli, Eduardo"]
[Black "Akash Pc, Iyer"]
[Result "1/2-1/2"]
[WhiteTitle "GM"]
[WhiteElo "2665"]
[BlackElo "2390"]
[WhiteFideId "3901211"]
[BlackFideId "5006775"]
[EventDate "2017.12.02"]

1. Nf3 Nf6 2. c4 g6 3. g3 Bg7 4. Bg2 O-O 5. O-O d6 6. d4 Nc6 7. Nc3 Bf5 8. d5
Na5 9. Nd4 Bd7 10. b3 c5 11. dxc6 bxc6 12. Nc2 Rb8 13. Bf4 Nh5 14. Bd2 c5 15.
Nd5 Nc6 16. Rb1 Nf6 17. e4 Ne8 18. Bc3 Bxc3 19. Nxc3 Ng7 20. f4 Ne6 21. Qd2 Ned4
22. Ne3 f6 23. h4 Qe8 24. g4 h6 25. Qf2 Qf7 26. Qg3 Qg7 27. Rf2 Rbd8 28. Rbf1 e6
29. Kh2 Bc8 30. f5 Ne5 31. fxe6 Bxe6 32. Ncd5 Bxd5 33. Nxd5 g5 34. Nxf6+ Rxf6
35. Rxf6 gxh4 36. Qxh4 Nxg4+ 37. Kh3 Nxf6 38. Rxf6 Rf8 39. e5 Rxf6 40. exf6 Qd7+
41. Kh2 Qf5 42. Qg3+ Qg5 43. Bd5+ Kh7 44. Qxg5 hxg5 45. Kg3 Kg6 46. f7 Nf5+ 47.
Kf3 Kg7 48. Kg4 Nh6+ 49. Kxg5 Nxf7+ 50. Kf5 Nd8 51. a3 a5 52. a4 Kf8 53. Kf6 1/2-1/2

[Event "London Classic Open 2017"]
[Site "London ENG"]
[Date "2017.12.06"]
[Round "6.16"]
[White "Jones, Gawain C B"]
[Black "Gumularz, Szymon"]
[Result "1/2-1/2"]
[WhiteTitle "GM"]
[BlackTitle "FM"]
[WhiteElo "2654"]
[BlackElo "2376"]
[WhiteFideId "409561"]
[BlackFideId "1188062"]
[EventDate "2017.12.02"]

1. e4 c6 2. d4 d5 3. Nc3 dxe4 4. Nxe4 Bf5 5. Ng3 Bg6 6. h4 h6 7. Nf3 e6 8. Ne5
Bh7 9. Bd3 Bxd3 10. Qxd3 Nd7 11. f4 Be7 12. Nh5 Ngf6 13. Nxg7+ Kf8 14. Nxe6+
fxe6 15. Bd2 Rh7 16. Rh3 Rg7 17. f5 Nxe5 18. dxe5 Qxd3 19. Rxd3 Rxg2 20. exf6
Bxf6 21. O-O-O exf5 22. Bxh6+ Kg8 23. h5 Re8 24. Re3 Rxe3 25. Bxe3 Bg5 26. Bxg5
Rxg5 27. Rd8+ Kh7 28. Ra8 a6 29. Rb8 Kh6 30. Rxb7 Kxh5 31. Rb6 Rg6 32. Kd2 Re6
33. Rxa6 f4 34. Ra8 f3 35. a4 Kg4 36. b4 f2 37. Rf8 Kg3 38. Kd3 Re8 39. Rf6 Re6
40. Rf8 Re8 41. Rf6 Re6 42. Rxf2 Kxf2 43. Kd4 Re2 44. c3 Ra2 45. a5 Ke2 46. Kc5
Kd3 47. Kxc6 Kxc3 48. b5 Rxa5 49. b6 Ra6 1/2-1/2

[Event "London Classic Open 2017"]
[Site "London ENG"]
[Date "2017.12.06"]
[Round "6.17"]
[White "Mikhalevski, Victor"]
[Black "Sowray, Peter J"]
[Result "1-0"]
[WhiteTitle "GM"]
[BlackTitle "FM"]
[WhiteElo "2545"]
[BlackElo "2357"]
[WhiteFideId "2801914"]
[BlackFideId "400971"]
[EventDate "2017.12.02"]

1. d4 d5 2. Nf3 Nf6 3. c4 e6 4. g3 dxc4 5. Bg2 a6 6. O-O Nc6 7. e3 Bd7 8. Qe2
Bd6 9. Qxc4 O-O 10. Rd1 Rb8 11. Qe2 e5 12. d5 Nb4 13. Nc3 e4 14. Ne1 Bg4 15. f3
exf3 16. Bxf3 Bxf3 17. Qxf3 c6 18. e4 cxd5 19. exd5 Re8 20. Bg5 Qb6+ 21. Kh1
Rxe1+ 22. Rxe1 Nc2 23. Bxf6 gxf6 24. Qxf6 Nxa1 25. Qg5+ Kh8 26. Qf6+ Kg8 27. Re7
Rf8 28. Qg5+ Kh8 29. Qf6+ Kg8 30. Re4 Rc8 31. Qg5+ Kh8 32. Qf6+ Kg8 33. Qh6 f5
34. Re7 1-0

[Event "London Classic Open 2017"]
[Site "London ENG"]
[Date "2017.12.06"]
[Round "6.18"]
[White "Gourlay, Iain"]
[Black "Stany, G.A."]
[Result "0-1"]
[WhiteTitle "FM"]
[BlackTitle "IM"]
[WhiteElo "2378"]
[BlackElo "2502"]
[WhiteFideId "2401533"]
[BlackFideId "5029104"]
[EventDate "2017.12.02"]

1. c4 e5 2. g3 Nc6 3. Bg2 g6 4. Nc3 Bg7 5. e3 d6 6. Nge2 Bf5 7. d3 Nge7 8. Rb1
Qd7 9. h3 O-O 10. b4 a6 11. a4 Qc8 12. b5 axb5 13. axb5 Nd8 14. b6 c6 15. Rb3 f6
16. Ba3 Nf7 17. Ne4 Rd8 18. N2c3 Be6 19. h4 f5 20. Ng5 e4 21. Nxf7 Bxf7 22. Bf1
d5 23. Qc1 exd3 24. Bxe7 dxc4 25. Rb2 Rd7 26. Bc5 Qe8 27. f4 Ra5 28. Bb4 d2+ 29.
Rxd2 Qxe3+ 30. Ne2 Ra1 31. Qxa1 Bxa1 32. Rxd7 c3 33. Re7 Be6 34. Re8+ Kg7 35.
Re7+ Kg8 36. Re8+ Kg7 37. Re7+ Kh6 38. g4 fxg4 39. Rc7 Bg8 40. Bf8+ Kh5 41. Re7
Qd2+ 42. Kf2 c2 43. Bg2 Bf6 44. Rd7 c1=Q 45. Rxc1 Bxh4+ 46. Kf1 Qxd7 47. Rc5+ g5
48. Nc3 Qd3+ 49. Kg1 Qe3+ 50. Kh2 Bg3+ 51. Kh1 Qe1+ 52. Bf1 Qxf1# 0-1

[Event "London Classic Open 2017"]
[Site "London ENG"]
[Date "2017.12.06"]
[Round "6.19"]
[White "Fernandez, Daniel Howard"]
[Black "Arakhamia-Grant, Ketevan"]
[Result "1-0"]
[WhiteTitle "GM"]
[BlackTitle "GM"]
[WhiteElo "2500"]
[BlackElo "2350"]
[WhiteFideId "5801605"]
[BlackFideId "13600168"]
[EventDate "2017.12.02"]

1. e4 c5 2. Nf3 e6 3. b3 Nc6 4. Bb2 d6 5. Bb5 Bd7 6. O-O Nf6 7. Bxc6 Bxc6 8. e5
Nd5 9. exd6 Bxd6 10. Na3 O-O 11. Nc4 Bc7 12. Nce5 Be8 13. d4 f6 14. Nd3 cxd4 15.
Nxd4 Qd6 16. g3 Ne7 17. a4 Bb6 18. Nb5 Bxb5 19. axb5 Rfd8 20. Qg4 e5 21. Rfd1
Qd7 22. Nxe5 Qxg4 23. Nxg4 Nf5 24. c4 h5 25. Ne3 Nxe3 26. fxe3 Bxe3+ 27. Kg2 Kf7
28. Kf3 Bc5 29. Bc3 Rxd1 30. Rxd1 Re8 31. Rd7+ Re7 32. Rd3 Bg1 33. h3 Kg6 34.
Bd2 Bb6 35. Rd5 Bc7 36. b4 Be5 37. Rd3 b6 38. c5 Kf5 39. Be3 Ke6 40. Bf4 bxc5
41. bxc5 Rb7 42. Rb3 Kd5 43. c6 Rb8 44. Ra3 Rxb5 45. Bxe5 Kxc6 46. Bc3 Kb7 47.
Bd2 Rd5 48. Be1 Rf5+ 49. Ke2 a6 50. Ra5 Rxa5 51. Bxa5 Kc6 52. Ke3 Kd5 53. Bc3
Kc4 54. Ba5 Kd5 55. Kf4 Ke6 56. Ke4 g6 57. Bc3 Ke7 58. Kd5 Kf7 59. Bb4 g5 60.
Ke4 Kg6 61. g4 hxg4 62. hxg4 f5+ 63. gxf5+ Kh5 64. Ke5 g4 65. f6 Kg6 66. Ke6 1-0

[Event "London Classic Open 2017"]
[Site "London ENG"]
[Date "2017.12.06"]
[Round "6.20"]
[White "Bellaiche, Anthony"]
[Black "Murphy, Conor E"]
[Result "1-0"]
[WhiteTitle "IM"]
[BlackTitle "FM"]
[WhiteElo "2499"]
[BlackElo "2313"]
[WhiteFideId "615668"]
[BlackFideId "421669"]
[EventDate "2017.12.02"]

1. e4 c5 2. Nf3 e6 3. d4 cxd4 4. Nxd4 Nc6 5. Nc3 Qc7 6. Be3 a6 7. Qd2 Nf6 8. f3
Be7 9. O-O-O b5 10. g4 Nxd4 11. Bxd4 Bb7 12. Kb1 O-O 13. Qf2 b4 14. Na4 d5 15.
Nb6 Rad8 16. e5 Nd7 17. Nxd7 Rxd7 18. Bd3 a5 19. f4 Ra8 20. f5 Ba6 21. f6 Bf8
22. Qh4 Bxd3 23. Rxd3 Rc8 24. Rc1 gxf6 25. Rh3 h6 26. Be3 fxe5 27. Bxh6 f6 28.
Qxf6 Rf7 29. Qg6+ Bg7 30. Bxg7 Rxg7 31. Qxe6+ Rf7 32. b3 d4 33. Rh5 d3 34. Qg6+
Rg7 35. Qxd3 Rd8 36. Qe2 Re8 37. Qb5 Rb8 38. Qd5+ Rf7 39. Rxe5 Qd8 1-0

[Event "London Classic Open 2017"]
[Site "London ENG"]
[Date "2017.12.06"]
[Round "6.21"]
[White "Fenil, Shah"]
[Black "Zhou, Yang-Fan"]
[Result "1/2-1/2"]
[WhiteTitle "FM"]
[BlackTitle "IM"]
[WhiteElo "2324"]
[BlackElo "2459"]
[WhiteFideId "5019850"]
[BlackFideId "468584"]
[EventDate "2017.12.02"]

1. e4 c5 2. c3 Nf6 3. e5 Nd5 4. d4 cxd4 5. Nf3 d6 6. cxd4 e6 7. a3 Bd7 8. Bd3
Bc6 9. O-O Nd7 10. b4 a6 11. Nbd2 Nc3 12. Qb3 Rc8 13. Qxc3 Bxf3 14. Qb2 Bd5 15.
Ne4 Bxe4 16. Bxe4 d5 17. Bd3 Be7 18. Qe2 Nb6 19. Qg4 g6 20. Bh6 Rc3 21. Rfd1 Bf8
22. Bg5 Be7 23. Bh6 Bf8 24. Bg5 Qc7 25. Rac1 Bg7 26. Qe2 O-O 27. Bd2 Rxc1 28.
Rxc1 Qb8 29. b5 axb5 30. Bxb5 Rc8 31. Qd1 Nc4 32. Bb4 Bh6 33. Rc3 Qc7 1/2-1/2

[Event "London Classic Open 2017"]
[Site "London ENG"]
[Date "2017.12.06"]
[Round "6.22"]
[White "Paterek, Michal"]
[Black "Williams, Simon K"]
[Result "0-1"]
[WhiteTitle "FM"]
[BlackTitle "GM"]
[WhiteElo "2315"]
[BlackElo "2453"]
[WhiteFideId "1116142"]
[BlackFideId "404454"]
[EventDate "2017.12.02"]

1. d4 d5 2. c4 e5 3. dxe5 d4 4. Nf3 Nc6 5. g3 Nge7 6. Bg2 Ng6 7. O-O Ngxe5 8.
Nxe5 Nxe5 9. Qb3 Be7 10. Rd1 O-O 11. Nc3 c6 12. e3 Bg4 13. Rxd4 Qc8 14. Re4 Bf6
15. c5 Rd8 16. Qa4 Qf5 17. Rf4 Qh5 18. h4 Kh8 19. Qe4 Re8 20. Qc2 Rad8 21. Bd2
Nd3 22. Re4 Rf8 23. Ra4 Bf3 24. Rxa7 Bxg2 25. Kxg2 Qf5 26. e4 Qxf2+ 27. Kh3 Nf4+
28. gxf4 Rxd2 0-1

[Event "London Classic Open 2017"]
[Site "London ENG"]
[Date "2017.12.06"]
[Round "6.23"]
[White "Bartholomew, John"]
[Black "Soham, Das"]
[Result "1-0"]
[WhiteTitle "IM"]
[WhiteElo "2448"]
[BlackElo "2263"]
[WhiteFideId "2019353"]
[BlackFideId "35026763"]
[EventDate "2017.12.02"]

1. d4 f5 2. h3 Nf6 3. g4 d5 4. Nf3 e6 5. Bf4 Bd6 6. Ne5 Ne4 7. Nd2 O-O 8. e3 c5
9. gxf5 exf5 10. Rg1 Nc6 11. Nxe4 fxe4 12. Qh5 cxd4 13. O-O-O Bf5 14. exd4 Bg6
15. Nxg6 Bxf4+ 16. Nxf4 Rxf4 17. Qh6 Rf7 18. Be2 Qf6 19. Qh5 Nxd4 20. Bg4 Qxf2
21. Kb1 Kh8 22. Qxd5 Nc6 23. Qxe4 Raf8 24. a3 Rf4 25. Qd5 Nd4 26. Rg2 Qe3 27.
Qxb7 Qe5 28. Rgd2 h5 29. Bc8 R4f7 30. Qa6 Nf3 31. Rd5 Qe4 32. Rxh5+ Kg8 33. Be6
Nd4 34. Bxf7+ Rxf7 35. Qc8+ Rf8 36. Qc4+ 1-0

[Event "London Classic Open 2017"]
[Site "London ENG"]
[Date "2017.12.06"]
[Round "6.24"]
[White "Ladron De Guevara Pinto, Paolo"]
[Black "Bukojemski, Adam"]
[Result "1-0"]
[WhiteTitle "IM"]
[WhiteElo "2422"]
[BlackElo "2224"]
[WhiteFideId "2290847"]
[BlackFideId "1114620"]
[EventDate "2017.12.02"]

1. e4 c5 2. Nf3 e6 3. d4 cxd4 4. Nxd4 Nc6 5. Nc3 Qc7 6. Be3 Nf6 7. a3 a6 8. f4
e5 9. Nde2 Bd6 10. g3 Ne7 11. Qd3 Ng4 12. Bg1 exf4 13. gxf4 O-O 14. h3 Nh6 15.
e5 Bc5 16. Ne4 b6 17. b4 Bxg1 18. Rxg1 Nef5 19. Nd6 Nxd6 20. exd6 Qd8 21. Qc3
Qh4+ 22. Kd2 g6 23. Qc7 Qd8 24. Nc3 Qf6 25. Re1 Qxf4+ 26. Kd3 Nf5 27. Ne4 Qe5
28. Qxb6 a5 29. Qc5 Ba6+ 30. c4 Qh2 31. b5 Bb7 32. Nf6+ Kh8 33. Rg4 Bf3 34. Rg5
Qf4 35. Rxf5 gxf5 36. Qd4 Qxd4+ 37. Kxd4 Kg7 38. Nxd7 Rfd8 39. Ne5 Rxd6+ 40. Kc5
Rd1 41. Nxf3 1-0

[Event "London Classic Open 2017"]
[Site "London ENG"]
[Date "2017.12.06"]
[Round "6.25"]
[White "Krishna, C R G"]
[Black "Ledger, Dave J"]
[Result "1-0"]
[WhiteTitle "IM"]
[BlackTitle "FM"]
[WhiteElo "2421"]
[BlackElo "2209"]
[WhiteFideId "5018625"]
[BlackFideId "401986"]
[EventDate "2017.12.02"]

1. d4 Nf6 2. c4 g6 3. g3 Bg7 4. Bg2 O-O 5. Nc3 d6 6. Nf3 c6 7. O-O Qb6 8. e4 Bg4
9. b3 Nfd7 10. Be3 c5 11. dxc5 dxc5 12. Rc1 Nc6 13. Nd5 Qa5 14. h3 Bxf3 15. Bxf3
Nde5 16. Bg2 e6 17. f4 exd5 18. exd5 Nxc4 19. Rxc4 Nd4 20. b4 Qa3 21. Bf2 b6 22.
bxc5 bxc5 23. Re1 Rfe8 24. d6 Rxe1+ 25. Qxe1 Rd8 26. d7 Ne6 27. Bd5 Rxd7 28.
Bxe6 Re7 29. Re4 fxe6 30. Rxe6 Bc3 31. Qe3 Rxe6 32. Qxe6+ Kg7 33. Qe7+ Kg8 34.
Qe6+ Kg7 35. Kg2 Bf6 36. Qd7+ Kg8 37. Qd5+ Kg7 38. Bxc5 Qb2+ 39. Bf2 a6 40. g4
Bh4 41. Qd4+ Qxd4 42. Bxd4+ Kf7 43. Kf3 Ke6 44. Ke4 Bd8 45. Be5 Bb6 46. f5+
gxf5+ 47. gxf5+ Ke7 48. Kd5 Kd7 49. f6 Bd8 50. f7 Ke7 51. Bf6+ 1-0